| 000 | 00553nam a2200193Ia 4500 | ||
|---|---|---|---|
| 999 |
_c7268 _d7268 |
||
| 003 | GBCCL | ||
| 005 | 20241126110624.0 | ||
| 008 | 180723b ||||| |||| 00| 0 eng d | ||
| 020 | _a0891099514 | ||
| 040 | _cgbc | ||
| 082 |
_a227.3007 _bNAV |
||
| 110 |
_aNavigators (Religious organization) _912865 |
||
| 245 | _aA NavPress Bible study on the book of 2 Corinthians | ||
| 260 |
_cColorado Springs, CO : _aNavPress, _b1996. |
||
| 300 | _a128p.; | ||
| 440 |
_aLife change series. _912866 |
||
| 650 |
_a2 Corinthians _vstudy _912867 |
||
| 942 |
_2ddc _cBK _04 |
||